Online Catalogue and eLibrary

An Introduction to Sociology: (Record no. 1006)

MARC details
000 -LEADER
fixed length control field 00562nam a2200229Ia 4500
005 - DATE AND TIME OF LATEST TRANSACTION
control field 20250317005029.0
008 - FIXED-LENGTH DATA ELEMENTS--GENERAL INFORMATION
fixed length control field 240331s9999 xx 000 0 und d
020 ## - INTERNATIONAL STANDARD BOOK NUMBER
ISBN 0415010373
082 ## - DDC Classification
Class No. 301
Item Number - Author Mark ABB
DDC Edition Number 3728
100 ## - MAIN ENTRY--PERSONAL NAME
Personal name Abbott, P
100 ## - MAIN ENTRY--PERSONAL NAME
Personal name Wallace, C
245 #3 - TITLE STATEMENT
Title An Introduction to Sociology:
Remainder of title Feminist Perspectives
260 ## - PUBLICATION, DISTRIBUTION, ETC.
Place of publication, distribution, etc. London;
-- New York,
Name of publisher, distributor, etc. Routledge
Date of publication, distribution, etc. 1990
300 ## - PHYSICAL DESCRIPTION
Extent (e.g. Volumes, Pages etc.) xv, 252 p.,
650 ## - SUBJECT ADDED ENTRY--TOPICAL TERM
Topical term or geographic name entry element Feminism
650 ## - SUBJECT ADDED ENTRY--TOPICAL TERM
Topical term or geographic name entry element Women
650 ## - SUBJECT ADDED ENTRY--TOPICAL TERM
Topical term or geographic name entry element Sociology
650 ## - SUBJECT ADDED ENTRY--TOPICAL TERM
Topical term or geographic name entry element Class
650 ## - SUBJECT ADDED ENTRY--TOPICAL TERM
Topical term or geographic name entry element Women Health
650 ## - SUBJECT ADDED ENTRY--TOPICAL TERM
Topical term or geographic name entry element Politics
942 ## - Koha item type (Biblio)
Koha item type Books in Stacks (Lending)
Holdings
Lost status Damaged status Collection code Home library Current library Shelving location Date acquired Full call number Accession Number Item type
    Lending WERC Library WERC Library Social Science Cupboard 03/31/2024 301 ABB 3728 Books in Stacks (Lending)

© WERC Library